Bariery ispoľzovanija distancionnogo obrazovanija v universitete
Niektoré problémy využívania dištančného vzdelávania. Výhody využívania dištančného a elektronického vzdelávania. Využitie systému Moodle v elektronickom vzdelávaní. Bariéry využívania nových technológií zo strany učiteľa. Bariéry využívania nových technológií zo strany študenta.
Enregistré dans:
| Auteur principal: | |
|---|---|
| Format: | Chapitre de livre |
| Langue: | russe |
| Sujets: | |
| Tags: |
Pas de tags, Soyez le premier à ajouter un tag!
|
MARC
| LEADER | 00000naa$a2200000$$$4500 | ||
|---|---|---|---|
| 001 | 0152745 | ||
| 005 | 20240502083347.9 | ||
| 041 | 0 | |a rus | |
| 044 | |a RU | ||
| 245 | 1 | 0 | |a Bariery ispoľzovanija distancionnogo obrazovanija v universitete |c Ja. Kultan |
| 520 | |a Niektoré problémy využívania dištančného vzdelávania. Výhody využívania dištančného a elektronického vzdelávania. Využitie systému Moodle v elektronickom vzdelávaní. Bariéry využívania nových technológií zo strany učiteľa. Bariéry využívania nových technológií zo strany študenta. | ||
| 610 | 2 | 0 | |a vzdelávanie dištančné |
| 610 | 2 | 0 | |a vzdelávanie elektronické |
| 610 | 2 | 0 | |a technológie informačné |
| 610 | 2 | 0 | |a technológie komunikačné |
| 610 | 2 | 0 | |a učitelia |
| 610 | 2 | 0 | |a študenti |
| 610 | 2 | 0 | |a kvalita vzdelávania |
| 100 | 1 | |a Kultan, Jaroslav, 1960- | |